The great Palace of the Moscow, Kremlin

Na minha lista:
Detalhes bibliográficos
Formato: Livro
Idioma:Undetermined
Publicado em: Leningrad, USSR Aurora Art 1981
Assuntos:
Tags: Adicionar Tag
Sem tags, seja o primeiro a adicionar uma tag!
Thư viện lưu trữ: Trung tâm Học liệu Trường Đại học Cần Thơ
LEADER 00427nam a2200157Ia 4500
001 CTU_26640
008 210402s9999 xx 000 0 und d
082 |a 725.1 
082 |b G786 
245 4 |a The great Palace of the Moscow, Kremlin 
260 |a Leningrad, USSR 
260 |b Aurora Art 
260 |c 1981 
650 |a monuments - russia 
904 |i Minh, 981015 
980 |a Trung tâm Học liệu Trường Đại học Cần Thơ